000 01381nam a2200205 a 4500
001 5992
003 CO-ViMGA
005 20230915225757.0
008 141112s2004 ck r 000 u spa d
040 _aCO-ViMGA
_bspa
_cCO-ViMGA
082 0 4 _aHERa
100 1 _aHerge
_910330
245 1 0 _aLas aventuras de tintín
260 _aBarcelona :
_bJuventud,
_c1970
300 _a20.V. : il
_b62 pg.
_c30 X 22,5 cm
490 _alas aventuras de tintin
505 _aVOL.(1), Tintín en el congo; VOL.(2), Tintín en América; VOL.(3), Los cigarros del faraón; VOL.(4), El loto azul; VOL.(5), La oreja rota;VOL(6), La isla negra; VOL.(7), El cetro de ottokar; VOL.(8), El cangrejo de las pinzas de oro; VOL.(9), La estrella misteriosa; VOL.(10), El secreto del unicornio; VOL.(1)1, El tesoro del rackham el rojo; VOL.(12), Las 7 bolas de cristal; VOL(13), El templo del sol;VOL.(14), Tintín en el país del oro negro; VOL.(15), Objetivo la luna; VOL.(16), Aterrizaje en la luna; VOL.(17), El asunto tornasol; VOL.(18), Stock de coque; VOL.(19), Tintín en el tibet; VOL.(20), Las joyas de la castafiore; VOL.(21), Vuelo 714 para sidney; VOL.(22), Tintín y el lago de los tiburones; VOL.(23), Tintín y los pícaros; VOL.(24), El templo del sol; VOL.(25), En el país de los soviets; VOL.(26), Reportero en extremo oriente
650 1 4 _aCUENTOS INFANTILES
_9487
942 _2ddc
_cBK
999 _c17966
_d17966